| 000 | 00661nam a2200121Ia 4500 | ||
|---|---|---|---|
| 008 | 220615s9999||||xx |||||||||||||| ||und|| | ||
| 245 | 0 |
_aBerufsbildung, eine Renaissance? _bMotor für Innovation, Beschäftigung, Teilhabe, Aufstieg, Wohlstand, … |
|
| 546 | _aEnglish[eng] | ||
| 650 | _aSociology||Berufsbildungsforschung | ||
| 700 | _aSchlögl, Peter||Stock, Michaela||Moser, Daniela||Schmid, Kurt||Gramlinger, Franz | ||
| 856 | _uhttps://library.oapen.org/bitstream/20.500.12657/30961/1/640939.pdf||https://library.oapen.org/bitstream/20.500.12657/30961/1/640939.pdf||https://library.oapen.org/bitstream/20.500.12657/30961/1/640939.pdf | ||
| 942 | _cEB | ||
| 999 |
_c14845 _d14845 |
||